000
00335nam a22001457a 4500
008
230419b ||||| |||| 00| 0 eng d
020
_a
9781881052241
041
_a
eng
080
_a
330
082
_a
330KIS
100
_a
23
101
_a
MENAGJ
245
_a
PUTTING TOTAL QUALITY MANAGEMENT TO WORK
_c
KISER.J.K
942
_2
udc
_c
BK
999
_c
59593
_d
59593